Poultry meat processing (Record no. 11360)

MARC details
000 -LEADER
fixed length control field 03111cam a2200337Ia 4500
001 - CONTROL NUMBER
control field CRC0KE14043PDF
003 - CONTROL NUMBER IDENTIFIER
control field BD-DhSAU
005 - DATE AND TIME OF LATEST TRANSACTION
control field 20151012144302.0
006 - FIXED-LENGTH DATA ELEMENTS--ADDITIONAL MATERIAL CHARACTERISTICS
fixed length control field m|||||o||d||||||||
007 - PHYSICAL DESCRIPTION FIXED FIELD--GENERAL INFORMATION
fixed length control field cr||||
008 - FIXED-LENGTH DATA ELEMENTS--GENERAL INFORMATION
fixed length control field 131025s2010 fluad ob 001 0 eng d
020 ## - INTERNATIONAL STANDARD BOOK NUMBER
International Standard Book Number 9781439882160 (ebook : PDF)
040 ## - CATALOGING SOURCE
Original cataloging agency BD-DhSAU
Transcribing agency BD-DhSAU
090 ## - LOCALLY ASSIGNED LC-TYPE CALL NUMBER (OCLC); LOCAL CALL NUMBER (OCLC)
Classification number (OCLC) (R) ; Classification number, CALL (RLIN) (NR) TS1968
Local cutter number (OCLC) ; Book number/undivided call number, CALL (RLIN) .P675 2010
092 ## - LOCALLY ASSIGNED DEWEY CALL NUMBER (OCLC)
Classification number 664.93
Item number P876
245 00 - TITLE STATEMENT
Title Poultry meat processing
Medium [electronic resource] /
Statement of responsibility, etc. edited by Casey M. Owens, Christine Z. Alvarado, Alan R. Sams.
250 ## - EDITION STATEMENT
Edition statement 2nd ed.
260 ## - PUBLICATION, DISTRIBUTION, ETC. (IMPRINT)
Place of publication, distribution, etc. Boca Raton, Fla. :
Name of publisher, distributor, etc. CRC Press,
Date of publication, distribution, etc. c2010.
300 ## - PHYSICAL DESCRIPTION
Extent xii, 441 p. :
Other physical details ill.
504 ## - BIBLIOGRAPHY, ETC. NOTE
Bibliography, etc Includes bibliographical references and index.
505 0# - FORMATTED CONTENTS NOTE
Formatted contents note ch. 1. Introduction to poultry meat processing / Alan R. Sams and Christine Z. Alvarado -- ch. 2. Preslaughter factors affecting poultry meat quality / Julie K. Northcutt and R. Jeff Buhr -- ch. 3. First processing : Slaughter through chilling / Alan R. Sams and Shelly R. McKee -- ch. 4. Second processing : parts, deboning, and portion control / Alan R. Sams and Casey M. Owens -- ch. 5. Poultry meat inspection and grading / Sacit F. Bilgili -- ch. 6. Packaging / Paul L. Daw -- ch. 7. Meat quality : sensory and instrumental evaluations / Brenda G. Lyon ... [et al.] -- ch. 8. Microbiological pathogens : live poultry considerations / Billy M. Hargis, David J. Caldwell, and J. Allen Byrd -- ch. 9. Poultry-borne pathogens : plant considerations / Michael A. Davis, Manpreet Singh, and Donald E. Conner -- ch. 10. Spoilage bacteria associated with poultry / Scott M. Russell -- ch. 11. Functional properties of muscle proteins in processed poultry products / Denise M. Smith -- ch. 12. Formed and emulsion products / Jimmy T. Keeton and Wesley N. Osburn -- ch. 13. Coated poultry products / Casey M. Owens -- ch. 14. Mechanical separation of poultry meat and its use in products / Glenn W. Froning and Shelly R. McKee -- ch. 15. Marination, cooking, and curing of poultry products / Douglas P. Smith and James C. Acton -- ch. 16. Quality assurance and process control / Douglas P. Smith -- ch. 17. Nutritive value of poultry meat / Leslie D. Thompson -- ch. 18. Processing water and wastewater / William C. Merka -- ch. 19. Coproducts and by-products from poultry processing / Rub�en O. Morawicki -- ch. 20. Poultry processing under animal welfare and organic standards in the United States / Anne Fanatico -- ch. 21. A brief introduction to some of the practical aspects of the kosher and halal laws for the poultry industry / Joe M. Regenstein and Muhammad Munir Chaudry.
530 ## - ADDITIONAL PHYSICAL FORM AVAILABLE NOTE
Additional physical form available note Also available in print format.
538 ## - SYSTEM DETAILS NOTE
System details note Mode of access: World Wide Web.
650 #0 - SUBJECT ADDED ENTRY--TOPICAL TERM
Topical term or geographic name as entry element Poultry
General subdivision Processing.
655 #7 - INDEX TERM--GENRE/FORM
Genre/form data or focus term Electronic books.
Source of term lcsh
700 1# - ADDED ENTRY--PERSONAL NAME
Personal name Owens, Casey M.
700 1# - ADDED ENTRY--PERSONAL NAME
Personal name Alvarado, Christine.
700 1# - ADDED ENTRY--PERSONAL NAME
Personal name Sams, Alan R.
776 08 - ADDITIONAL PHYSICAL FORM ENTRY
International Standard Book Number 9781420091892 (hardback : alk. paper)
-- 1420091891 (hardback : alk. paper)
856 40 - ELECTRONIC LOCATION AND ACCESS
Uniform Resource Identifier <a href="http://marc.crcnetbase.com/isbn/9781439882160">http://marc.crcnetbase.com/isbn/9781439882160</a>
Electronic format type application/PDF

No items available.